| 000 | 00636nam a2200193 i 4500 | ||
|---|---|---|---|
| 001 | 95819 | ||
| 003 | ES-MaACL | ||
| 007 | t| | ||
| 008 | 050606s1984 sp ||||1| spa d | ||
| 020 | _a84-252-1200-6 | ||
| 100 | 1 |
_aMcCluskey, Jim. _979535 |
|
| 245 | 1 | 3 |
_aEl diseño de vías urbanas / _cJim McCluskey; versión castellana de Josep María Solá Huguet y Helena Coch Roura. |
| 260 |
_aBarcelona : _bGustavo Gili, _c1984. |
||
| 300 |
_a309 p. : _bil. ; _c31 cm. |
||
| 504 | _aBibliografía. Indice. | ||
| 700 | 1 |
_aSolá Huguet, Josep María. _9107056 |
|
| 700 | 1 |
_aCoch Roura, Helena. _939392 |
|
| 852 |
_aES-MaACL _jB-1490 _bR.112777 |
||
| 999 |
_c95819 _d95819 |
||